| 000 | 00353nam a2200121 a 4500 | ||
|---|---|---|---|
| 005 | 20141022142003.0 | ||
| 008 | 080909s19uu xx 00 eng d | ||
| 050 |
_aVCD _bAJN1 2003 |
||
| 245 |
_aAJN: Examination of the thorax and lungs : _bpediatric assessment. |
||
| 650 | _aVCD Nursing. | ||
| 650 | _aExamination of the thorax and lungs | ||
| 942 | _cAVM | ||
| 999 |
_c276405 _d276405 |
||